000 00345nam a2200133Ia 4500
008 151001s9999||||xx |||||||||||||| ||und||
100 _aमुक्ता केणेकर
245 _aवारसा
250 _a1
260 _bविजय प्रकाशन नागपूर
260 _c1980
300 _a214
365 _b18
999 _c960914
_d960911